Extremely Obscure Harry Potter Characters - Statistics

General Stats
  • This quiz has been taken 20 times
  • The average score is 8 of 21
Answer Stats
Hint Answer % Correct
Wizard at the Quidditch World Cup who was wearing a nightgown and refused to put on trousers. Archie
86%
The name of the lead singer of the wizarding band the Hobblegoblins. Who is said in The Quibbler to be Sirius Black and innocent. Stubby Boardman
86%
Wizard who tried to import and sell flying carpets against Ministry regulations. Ali Bashir
71%
The name of the Banshee that Gilderoy Lockhart said to have banished. Bandon
57%
The name of the photographer who works for the daily prophet and took the pictures for Rita Skeeter. Bozo
57%
The name of the girl who went into a cave with Tom Riddle and was never the same again. Amy Benson
43%
Daily Prophet witch who got an exclusive interview with Rita Skeeter to talk about the upcoming book "The Life and Lies of Albus Dumbledore." Betty Braithwaite
43%
Weatherman on the T.V. in the first chapter of the Philosopher's Stone. Jim McGuffin
43%
The name of the muggle boy who Dudley and his gang beat up in the Summer at the start of The Order of The Phoenix. Mark Evans
43%
Newsreader on the T.V. in the first chapter of the Philosopher's Stone. Ted
43%
The patient at St. Mungo's whose head was covered and fur and barked instead of talked. Agnes
29%
Witch who tried to make muggle hunting legal and was also cousin of Walburga Black. Araminta Melifua
29%
The name of the man Mr. Weasley and Harry meet in the elevator on the way to Harry's hearing at the ministry. He had a chicken that breathed fire. Bob
29%
The name of the Hufflepuff chaser in book 6. Cadwallader
29%
The name of the Ravenclaw boy who received 9 owls in his fourth year. Who tried to sell Barrufio's Brain Elixir to Harry and Ron which Hermione took away. Eddie Carmichael
29%
A witch sorted into Gryffindor house in 1994 who was actually a real Harry Potter fan dying of Leukemia while Rowling was writing the books. Natalie McDonald
29%
Witch who bet 50% of her eel farm ownership on a week long Quidditch World Cup Final. Agatha Timms
14%
The keeper of the portkeys at the Quidditch World Cup. Basil
14%
The boy who Sirius and James used an illegal hex on which made his head twice it's normal size. Bertram Aubrey
14%
The name of the Hogwarts first year who stayed for Christmas and book 3 and was surprised Dumbledore knew him after he was asked to hand him something. Derek
14%
One of the first students to attend Hufflepuff house. Is believed to be the only Hufflepuff Headmaster in Hogwarts history. Giffard Abbott
14%
No matching quizzes found
Score Distribution
Percent of People with Each Score
Percentile by Number Answered
Your Score History
You have not taken this quiz